<?xml version="1.0" encoding="UTF-8"?>
<record
    xmlns:xsi="http://www.w3.org/2001/XMLSchema-instance"
    xsi:schemaLocation="http://www.loc.gov/MARC21/slim http://www.loc.gov/standards/marcxml/schema/MARC21slim.xsd"
    xmlns="http://www.loc.gov/MARC21/slim">

  <leader>01322    a2200217   4500</leader>
  <controlfield tag="005">20080904142034.0</controlfield>
  <controlfield tag="008">080904t        xxu||||| |||| 00| 0 hin d</controlfield>
  <datafield tag="010" ind1=" " ind2=" ">
    <subfield code="a">HIN-79901</subfield>
  </datafield>
  <datafield tag="020" ind1=" " ind2=" ">
    <subfield code="a">9788183610247</subfield>
    <subfield code="c">150.00</subfield>
  </datafield>
  <datafield tag="035" ind1=" " ind2=" ">
    <subfield code="a">HN-52247</subfield>
  </datafield>
  <datafield tag="037" ind1=" " ind2=" ">
    <subfield code="b">D.B.Act / pub</subfield>
  </datafield>
  <datafield tag="082" ind1=" " ind2=" ">
    <subfield code="a">070.172</subfield>
  </datafield>
  <datafield tag="100" ind1=" " ind2=" ">
    <subfield code="a">&#x936;&#x941;&#x915;&#x94D;&#x932;&#x93E;, &#x930;&#x935;&#x940;&#x928;&#x94D;&#x926;&#x94D;&#x930;</subfield>
  </datafield>
  <datafield tag="245" ind1=" " ind2=" ">
    <subfield code="a">&#x938;&#x942;&#x91A;&#x928;&#x93E; &#x92A;&#x94D;&#x930;&#x94C;&#x926;&#x94D;&#x92F;&#x94B;&#x917;&#x93F;&#x915;&#x940; &#x914;&#x930; &#x938;&#x92E;&#x93E;&#x91A;&#x93E;&#x930;-&#x92A;&#x924;&#x94D;&#x930;&#x903;&#x907;&#x902;&#x91F;&#x930;&#x928;&#x947;&#x91F; &#x915;&#x947; &#x92A;&#x94D;&#x930;&#x92D;&#x93E;&#x935;&#x94B;&#x902; &#x92A;&#x930; &#x90F;&#x915; &#x905;&#x927;&#x92F;&#x92F;&#x928;-&#x935;&#x93F;&#x936;&#x947;&#x937; &#x938;&#x902;&#x926;&#x930;&#x94D;&#x92D; &#x939;&#x93F;&#x902;&#x926;&#x940; &#x938;&#x92E;&#x93E;&#x91A;&#x93E;&#x930;-&#x92A;&#x924;&#x94D;&#x930;</subfield>
    <subfield code="c">&#x930;&#x935;&#x940;&#x928;&#x94D;&#x926;&#x94D;&#x930; &#x936;&#x941;&#x915;&#x94D;&#x932;&#x93E;</subfield>
  </datafield>
  <datafield tag="246" ind1=" " ind2=" ">
    <subfield code="a">Soochana prodyogiki aur samachar patra</subfield>
    <subfield code="b">by Ravindra Shukla</subfield>
  </datafield>
  <datafield tag="260" ind1=" " ind2=" ">
    <subfield code="a">&#x928;&#x908; &#x926;&#x93F;&#x932;&#x94D;&#x932;&#x940;</subfield>
    <subfield code="b">&#x930;&#x93E;&#x927;&#x93E;&#x915;&#x943;&#x937;&#x94D;&#x923; &#x92A;&#x94D;&#x930;&#x915;&#x93E;&#x936;&#x928;</subfield>
    <subfield code="c">2007</subfield>
  </datafield>
  <datafield tag="270" ind1=" " ind2=" ">
    <subfield code="a">7/31, &#x905;&#x902;&#x938;&#x93E;&#x930;&#x940; &#x930;&#x94B;&#x921;, &#x926;&#x930;&#x93F;&#x92F;&#x93E;&#x917;&#x902;&#x91C;</subfield>
    <subfield code="b">&#x928;&#x908; &#x926;&#x93F;&#x932;&#x94D;&#x932;&#x940;</subfield>
    <subfield code="e">110002</subfield>
  </datafield>
  <datafield tag="300" ind1=" " ind2=" ">
    <subfield code="a">132&#x92A;&#x943;</subfield>
    <subfield code="c">22 &#x938;&#x947;&#x92E;&#x940; (&#x938;&#x91C;&#x93F;&#x932;&#x94D;&#x926;)</subfield>
  </datafield>
  <datafield tag="942" ind1=" " ind2=" ">
    <subfield code="a">dpl</subfield>
    <subfield code="c">HN</subfield>
    <subfield code="k">070.172 / &#x936;&#x941;&#x915;&#x94D;&#x932;&#x93E;&#x930;</subfield>
    <subfield code="2">ddc</subfield>
    <subfield code="h">070.172 </subfield>
    <subfield code="m">&#x936;&#x941;&#x915;&#x94D;&#x932;&#x93E;&#x930;</subfield>
  </datafield>
  <datafield tag="999" ind1=" " ind2=" ">
    <subfield code="c">4110</subfield>
    <subfield code="d">4110</subfield>
  </datafield>
  <datafield tag="952" ind1=" " ind2=" ">
    <subfield code="0">0</subfield>
    <subfield code="1">0</subfield>
    <subfield code="4">0</subfield>
    <subfield code="7">0</subfield>
    <subfield code="a">DBAD</subfield>
    <subfield code="b">DBAD</subfield>
    <subfield code="d">2008-09-04</subfield>
    <subfield code="g">150.00</subfield>
    <subfield code="l">0</subfield>
    <subfield code="o">070.172  &#x936;&#x941;&#x915;&#x94D;&#x932;&#x93E;&#x930;</subfield>
    <subfield code="p">HN-52247</subfield>
    <subfield code="r">2008-09-15 00:00:00</subfield>
    <subfield code="t">1</subfield>
    <subfield code="u">4357</subfield>
    <subfield code="v">150.00</subfield>
    <subfield code="w">2008-09-15</subfield>
    <subfield code="y">HN</subfield>
  </datafield>
</record>
